| 000 | 00361nam a22001337a 4500 | ||
|---|---|---|---|
| 008 | 230608b xxu||||| |||| 00| 0 eng d | ||
| 020 | _a9966530936 | ||
| 082 |
_2Second Edition _a343.04 _bNJO |
||
| 100 |
_cNjoroge Obadiah Kimani _d2021 |
||
| 245 | _aA Text on Tax Law in Kenya | ||
| 260 |
_aNairobi _bLaw Africa Publishing |
||
| 300 | _axv;450 p | ||
| 942 |
_2ddc _cBK |
||
| 999 |
_c858 _d858 |
||